<?xml version="1.0" encoding="UTF-8"?>
<record
    xmlns:xsi="http://www.w3.org/2001/XMLSchema-instance"
    xsi:schemaLocation="http://www.loc.gov/MARC21/slim http://www.loc.gov/standards/marcxml/schema/MARC21slim.xsd"
    xmlns="http://www.loc.gov/MARC21/slim">

  <leader>01934nam a22002177a 4500</leader>
  <controlfield tag="008">251029b        |||||||| |||| 00| 0 eng d</controlfield>
  <datafield tag="020" ind1=" " ind2=" ">
    <subfield code="a">9798217091508</subfield>
  </datafield>
  <datafield tag="040" ind1=" " ind2=" ">
    <subfield code="c">TBS</subfield>
  </datafield>
  <datafield tag="041" ind1=" " ind2=" ">
    <subfield code="a">eng</subfield>
  </datafield>
  <datafield tag="050" ind1=" " ind2=" ">
    <subfield code="a">PR6113.E473 </subfield>
    <subfield code="b">B59 2024</subfield>
  </datafield>
  <datafield tag="100" ind1=" " ind2=" ">
    <subfield code="a">Mellors, Coco</subfield>
    <subfield code="9">25452</subfield>
    <subfield code="e">author</subfield>
  </datafield>
  <datafield tag="245" ind1=" " ind2=" ">
    <subfield code="a">Blue sisters :</subfield>
    <subfield code="c">/ Coco Mellors.</subfield>
  </datafield>
  <datafield tag="260" ind1=" " ind2=" ">
    <subfield code="a">New York, NY :</subfield>
    <subfield code="b">Ballantine Books,</subfield>
    <subfield code="c">2024.</subfield>
  </datafield>
  <datafield tag="300" ind1=" " ind2=" ">
    <subfield code="a">342 pages ;</subfield>
    <subfield code="c">21 cm.</subfield>
  </datafield>
  <datafield tag="520" ind1=" " ind2=" ">
    <subfield code="a">Three estranged siblings return to their family home in New York after their beloved sister's death in this unforgettable story of grief, identity, and the complexities of family, from the acclaimed author of Cleopatra and Frankenstein. The three Blue sisters are exceptional -- and exceptionally different. Avery, the eldest and a recovering heroin addict turned strait-laced lawyer, lives with her wife in London; Bonnie, a former boxer, works as a bouncer in Los Angeles following a devastating defeat; and Lucky, the youngest, models in Paris while trying to outrun her hard-partying ways. They also had a fourth sister, Nicky, whose unexpected death left Avery, Bonnie, and Lucky reeling. A year later, as they each navigate grief, addiction, and ambition, they find they must return to New York to stop the sale of the apartment they were raised in. But coming home is never as easy as it seems. As the sisters reckon with the disappointments of their childhood and the loss of the only person who held them together, they realize that the greatest secrets they've been keeping might not have been from each other, but from themselves. Imbued with Coco Mellors's signature combination of humor and heart, Blue Sisters is a story of what it takes to keep living after loss -- and, ultimately, to fall in love with life again.</subfield>
  </datafield>
  <datafield tag="650" ind1=" " ind2="0">
    <subfield code="a">Estranged families</subfield>
    <subfield code="v">Fiction</subfield>
    <subfield code="9">26381</subfield>
  </datafield>
  <datafield tag="650" ind1=" " ind2="0">
    <subfield code="a">Grief</subfield>
    <subfield code="v">Fiction</subfield>
    <subfield code="9">24357</subfield>
  </datafield>
  <datafield tag="650" ind1=" " ind2="0">
    <subfield code="a">Home</subfield>
    <subfield code="v">Fiction</subfield>
    <subfield code="9">26382</subfield>
  </datafield>
  <datafield tag="650" ind1=" " ind2="0">
    <subfield code="a">Sisters</subfield>
    <subfield code="v">Fiction</subfield>
    <subfield code="9">22940</subfield>
  </datafield>
  <datafield tag="942" ind1=" " ind2=" ">
    <subfield code="2">lcc</subfield>
  </datafield>
  <datafield tag="952" ind1=" " ind2=" ">
    <subfield code="0">0</subfield>
    <subfield code="1">0</subfield>
    <subfield code="2">lcc</subfield>
    <subfield code="4">0</subfield>
    <subfield code="7">0</subfield>
    <subfield code="a">TBS</subfield>
    <subfield code="b">TBS</subfield>
    <subfield code="d">2025-10-29</subfield>
    <subfield code="l">0</subfield>
    <subfield code="o">P-EN MEL</subfield>
    <subfield code="p">B05679</subfield>
    <subfield code="r">2025-10-29</subfield>
    <subfield code="t">1</subfield>
    <subfield code="w">2025-10-29</subfield>
    <subfield code="y">1</subfield>
  </datafield>
  <datafield tag="999" ind1=" " ind2=" ">
    <subfield code="c">5123</subfield>
    <subfield code="d">5123</subfield>
  </datafield>
</record>
